Jesús de Nazaret: su vida a partir de los cuatro evangelios
Đã lưu trong:
| Tác giả chính: | |
|---|---|
| Định dạng: | Sách |
| Ngôn ngữ: | Tiếng Tây Ban Nha |
| Được phát hành: |
Pamplona
Verbo Divino
2007
|
| Những chủ đề: | |
| Các nhãn: |
Thêm thẻ
Không có thẻ, Là người đầu tiên thẻ bản ghi này!
|
MARC
| LEADER | 00000nam a2200000 a 4500 | ||
|---|---|---|---|
| 001 | UCI8865 | ||
| 003 | CL-VaPUC | ||
| 008 | 081009e20070000SP |||||||||||||||||spa|d | ||
| 020 | |a 9878481697339 | ||
| 082 | 0 | 4 | |a 232.9 |b CAR |2 21 |
| 100 | 0 | |a Carrillo Alday, Salvador |e author |9 532518 | |
| 245 | 1 | 0 | |a Jesús de Nazaret: su vida a partir de los cuatro evangelios |
| 300 | |a 292 p | ||
| 942 | |c BK | ||
| 945 | |d 20081009 00:00:00 |a rbrito | ||
| 260 | |a Pamplona |b Verbo Divino |c 2007 | ||
| 600 | 0 | |a Jesús |9 313614 | |
| 650 | 0 | |a Vida de Jesús |9 478097 | |
| 650 | 0 | |a Biografías |9 255210 | |
| 650 | 0 | |a Evangelios |9 314864 | |
| 583 | |a last modification |c 20130402 09:43:44 |k Rodrigo Vera | ||
| 999 | |c 331626 |d 331624 | ||
| 952 | |0 0 |1 0 |4 0 |6 232_900000000000000_CAR_2007 |7 0 |8 A |9 418422 |a BIBTEO |b BIBTEO |d 2019-11-22 |i 4487974 |o 232.9 CAR 2007 |p 4487974 |r 2025-01-17 |w 2019-11-22 |y BK |k ICR | ||